Statystyki dla Ambasady krajów azjatyckich w Polsce

Kliknij tutaj aby rozwiązać quiz!

Ogólne statystyki

  • Ten quiz został rozwiązany 396 razy
  • Średni wynik to 22 z 27

Statystyki odpowiedzi

Odpowiedź% Poprawnych
Chińska Republika Ludowa
99%
Japonia
96%
Korea Południowa
94%
Indie
92%
Arabia Saudyjska
90%
Indonezja
90%
Iran
90%
Irak
89%
Kazachstan
87%
Izrael
86%
Korea Północna
86%
Afganistan
85%
Wietnam
84%
Mongolia
83%
Pakistan
83%
Jemen
80%
Tajlandia
79%
Zjednoczone Emiraty Arabskie
79%
Syria
74%
Katar
71%
Uzbekistan
71%
Bangladesz
70%
Malezja
70%
Filipiny
69%
Kuwejt
64%
Liban
59%
Palestyna
32%

Rozkład punktacji

Percentyl według liczby udzielonych odpowiedzi

Procent ludzi z każdym wynikiem

Twoja historia wyników

Nie rozwiązałeś tego quizu